000 00604nam a2200229Ia 4500
003 OSt
005 20221006165338.0
006 a|||||r|||| 00| 0
007 ta
008 221006b |||||||| |||| 00| 0 hin d
024 _a5,306
037 _cTextual
040 _aFML
_cFML
_bhin
041 _2hin
_ahin
082 _aNR44,52, N8 -; 2
100 _aVerma Chaman Lal Au.
_9679652
245 0 _aGeetgoonj
260 _aDelhi
_bNirmal Prakashan India
_c1998
300 _a196
_ccm.
942 _hNR44,52, N8 -; 2
_cTEXL
_2CC
999 _c1120502
_d1120502